000 00628nam a2200217Ia 4500
005 20250508151056.0
008 008 250505s9999 xx 000 0 eng d
037 _aTextual
040 _aFEDL
_beng
_cFEDL
041 _aeng
_2eng
084 _a150.195, BAL
_qFEDL
100 _aBalint Michael
_986047
245 0 _aPrimary love and psycho - analytic technique
260 _aLondon, UK
_bThe Hogarth Press
_c1952
300 _a288p
365 _aINR
_b23
490 _aInternational psycho - analytical library; 44
650 _aPsychology
942 _cTEXL
_h150.195, BAL
999 _c1327439
_d1327439